000 00956cam a22002054a 4500
005 20250605164231.0
008 250528s ||||||||||||||||||||||||d
035 _a20976
020 _a9789332539181
040 _aGR-AtMCL
_bgre
_dGR-AtMCL
_eAACR2
245 1 _aConnecting Networks Companion Guide / Cisco Networking Academy
260 _bPearson,
_c2014
300 _a546
520 _aThe official supplemental textbook for the Connecting Networks course in the Cisco Networking Academy CCNA Routing and Swtching curiculum. Introduction, Hierachical Network Designs, Connecting the WAN, Point-to-Point Connections, Frame Relay, Network Address Translation for IPv4, Broadband Solutions, Securing Site-to-Site Connectivity, Monitoring the Network, Troubleshooting the Network, Answers to the Check Your Understanding Questions.
700 1 _aGraziani Rick
_96975
700 1 _aVachon Bob
_96976
942 _cBK
999 _c6053
_d6053